Religion Quiz

Random Religion Quiz

Mormonism- The Basics Quiz Stats

Quiz not verified by Sporcle

Also try: Nicene Creed
Challenge
Share
Tweet
Embed
Score 0/10 Timer 08:00
0 Plays Today
Hint Answer % Correct
Who is the founder of Mormonism?Joseph Smith
94.8%
Most Mormon people live hereUtah
89.7%
True or false: All Mormons believe being gay is wrongfalse
87.9%
Synonym for plural marriagePolygamy
82.8%
Mormonism is a branch off ofChristianity
66.4%
European Country that quickly adopted MormonismEngland
62.1%
Mormons require that everyone bebaptized
50.9%
Mormonism was founded inNew York
44%
Persecuted by...Christians
23.3%
Mormons do not accept the idea ofOriginal Sin
12.1%

You're not logged in!

Compare scores with friends on all Sporcle quizzes.
Join for Free
OR
Log In

You Might Also Like...

Show Comments

Extras

Created Oct 14, 2013ReportNominate
Tags:basic

Top Quizzes Today


Score Distribution

Your Account Isn't Verified!

In order to create a playlist on Sporcle, you need to verify the email address you used during registration. Go to your Sporcle Settings to finish the process.

Report this User

Report this user for behavior that violates our Community Guidelines.

Details: